Training for organizational Trans for mation (Record no. 3110)

MARC details
000 -LEADER
fixed length control field 00428nam a22001697a 4500
005 - DATE AND TIME OF LATEST TRANSACTION
control field 20160618134454.0
008 - FIXED-LENGTH DATA ELEMENTS--GENERAL INFORMATION
fixed length control field 160618b xxu||||| |||| 00| 0 eng d
020 ## - INTERNATIONAL STANDARD BOOK NUMBER
ISBN 81-7036-948-7
041 ## - LANGUAGE CODE
Language code of text/sound track or separate title eng
082 ## - DEWEY DECIMAL CLASSIFICATION NUMBER
Item number 8156
100 ## - MAIN ENTRY--AUTHOR NAME
Personal name Lynton, Rolt P & Pareek Udai
245 ## - TITLE STATEMENT
Title Training for organizational Trans for mation
260 ## - PUBLICATION, DISTRIBUTION, ETC. (IMPRINT)
Name of publisher Sage Publication
Year of publication 2004
300 ## - PHYSICAL DESCRIPTION
Number of Pages 302
650 ## - SUBJECT ADDED ENTRY--TOPICAL TERM
Topical Term Management
942 ## - ADDED ENTRY ELEMENTS (KOHA)
Koha item type Books
Holdings
Lost status Damaged status Home library Date acquired Cost, normal purchase price Full call number Accession Number Koha item type
    JRU Library 18/06/2016 295.00 8156 8156 Books